| 000 | 00567cas a2200157 a 4500 | ||
|---|---|---|---|
| 050 | 0 | 0 |
_aTD899 _b.S55 1981 |
| 100 | _aShuval Hillel I. | ||
| 245 | 0 | 0 |
_aAppropriate technology for water supply and sanitation. _bNight Soil Composting, volumes 10 |
| 260 |
_aWashington, D.C. : _bThe International Bank for Reconstruction and Development _c1981 |
||
| 300 | _a81p, | ||
| 650 | 0 |
_bNight Soil Composting, technology for water supply and sanitation _vbook |
|
| 650 | 2 | _vPeriodicals. | |
| 650 | 2 | _vPeriodicals. | |
| 700 | _aCharles G. Gunnerson, DeAnne S. Julius | ||
| 942 | _cGEN | ||
| 999 |
_c805 _d805 |
||